000 00295nam a22001217a 4500
008 171005b xxu||||| |||| 00| 0 eng d
041 _aeng
080 _a519.9
100 _a48
101 _aPSI
245 _aA TREATISE ON THE NERVOUS SCIATICA OR NERVOUS HIP GOUT
_cCOTUGNO,D
942 _2udc
_cBK
999 _c31851
_d31851